Estatísticas para Sushi

Clique aqui para jogar o quiz

Estatísticas Gerais

  • Esse quiz foi jogado 11 vezes
  • A pontuação média é 2 de 10

Estatísticas das Respostas

Resposta% Correto
Temaki
88%
Hosomaki
25%
Uramaki
25%
Futomaki
13%
Kappamaki
13%
Chirashizushi
0%
Inarizushi
0%
Makizushi
0%
Nigirizushi
0%
Oshizushi
0%

Distribuição das Pontuações

Percentil de Números Respondidos

Porcentagem de Pessoas com Cada Pontuação

Sua Pontuação Histórica

Você não jogou esse quiz